[Event "8. Open de Calvia de Aficionados 2011"]
[Site "Calvià ESP"]
[Date "2011.10.15"]
[Round "8.18"]
[White "Lacrosse, Marc"]
[Black "Cerdo Fernandez, Miguel"]
[Result "1-0"]
[WhiteElo "2144"]
[BlackElo "1938"]
[PlyCount "103"]
[EventDate "2011.10.08"]
[EventType "swiss"]
[EventRounds "9"]
[EventCountry "ESP"]
[Source "lmi"]
[SourceDate "2011.10.08"]

1. d4 Nf6 2. c4 c5 3. d5 e6 4. Nc3 exd5 5. cxd5 d6 6. Nf3 g6 7. Bf4 a6 8. a4
Bg7 9. e3 O-O 10. h3 Qe7 11. Be2 Nbd7 12. O-O b6 13. Re1 Bb7 14. Qb3 Ne4 15.
Rad1 Nxc3 16. bxc3 Rab8 17. c4 Ba8 18. Bf1 Ne5 19. Nxe5 Bxe5 20. Bxe5 Qxe5 21.
f4 Qe7 22. e4 Bb7 23. e5 Bc8 24. Bd3 Bd7 25. Re2 Rb7 26. Rf1 b5 27. axb5 axb5
28. cxb5 Bxb5 29. f5 Bxd3 30. Qxd3 dxe5 31. d6 Qh4 32. Re4 Qg5 33. Rxe5 Rd7 34.
Rxc5 Rfd8 35. Rd5 gxf5 36. Rfxf5 Qh6 37. Rh5 Qc1+ 38. Kh2 Qf4+ 39. Kh1 Qf1+ 40.
Kh2 Qf4+ 41. g3 Qf2+ 42. Kh1 f6 43. Rdf5 Qe1+ 44. Rf1 Qe6 45. Rd1 Qf7 46. Rd5
Qg6 47. Qf3 Kh8 48. g4 h6 49. Qf4 Re8 50. Rf5 Re6 51. h4 Qe8 52. Qg3 1-0

[Event "8. Open de Calvia de Aficionados 2011"]
[Site "Calvià ESP"]
[Date "2011.10.15"]
[Round "8.19"]
[White "Svitek, Volker"]
[Black "Garrido Lluy, Javier"]
[Result "1-0"]
[WhiteElo "2099"]
[BlackElo "1808"]
[PlyCount "113"]
[EventDate "2011.10.08"]
[EventType "swiss"]
[EventRounds "9"]
[EventCountry "ESP"]
[Source "lmi"]
[SourceDate "2011.10.08"]

1. b4 d5 2. e3 c6 3. c4 e5 4. Qb3 Nf6 5. Bb2 Bd6 6. Nf3 e4 7. Nd4 O-O 8. Nc3
Be6 9. Nxe6 fxe6 10. Be2 Nbd7 11. O-O Ne5 12. f4 exf3 13. gxf3 Qe7 14. c5 Bc7
15. d4 Ng6 16. f4 Nh4 17. Qd1 Nf5 18. Bc1 Qf7 19. Kh1 Rad8 20. Rg1 g6 21. Qf1
Qg7 22. Qh3 Qh6 23. Qxh6 Nxh6 24. Bd2 Nf5 25. Bd3 Kf7 26. Ne2 Nh4 27. Raf1 Ne4
28. Bxe4 dxe4 29. Nc3 Nf3 30. Rg2 Kg7 31. Nxe4 Nxd2 32. Nxd2 e5 33. fxe5 Rxf1+
34. Nxf1 Rf8 35. Kg1 Rf5 36. Nd2 Bd8 37. Rf2 Rh5 38. e6 Rf5 39. Ne4 Rxf2 40.
Kxf2 Bh4+ 41. Kf3 h5 42. Nd6 Kf6 43. Nxb7 Kxe6 44. e4 Bf6 45. Ke3 Bg5+ 46. Kd3
Bf4 47. h3 g5 48. Na5 Kd7 49. Nc4 a6 50. Ne3 Bc7 51. Ke2 Ke6 52. Kf3 Bf4 53.
d5+ cxd5 54. exd5+ Ke5 55. d6 Ke6 56. Nc4 Kf5 57. c6 1-0

[Event "8. Open de Calvia de Aficionados 2011"]
[Site "Calvià ESP"]
[Date "2011.10.15"]
[Round "8.20"]
[White "Carlsten, Peter"]
[Black "Grichkevitch, Gilles"]
[Result "1/2-1/2"]
[WhiteElo "2019"]
[BlackElo "2081"]
[PlyCount "51"]
[EventDate "2011.10.08"]
[EventType "swiss"]
[EventRounds "9"]
[EventCountry "ESP"]
[Source "lmi"]
[SourceDate "2011.10.08"]

1. e4 c5 2. Nf3 e6 3. d4 cxd4 4. Nxd4 Nf6 5. Nc3 Nc6 6. Ndb5 e5 7. Bg5 a6 8.
Bxf6 gxf6 9. Na3 b5 10. Nd5 Bg7 11. Bd3 Ne7 12. Nxe7 Qxe7 13. c4 f5 14. O-O Bb7
15. f3 O-O 16. Qe2 bxc4 17. Nxc4 fxe4 18. fxe4 f5 19. Nb6 Rab8 20. Bc4+ Kh8 21.
Nd5 Qh4 22. Rae1 fxe4 23. Rxf8+ Rxf8 24. g3 Qd8 25. b3 Bxd5 26. Bxd5 1/2-1/2

[Event "8. Open de Calvia de Aficionados 2011"]
[Site "Calvià ESP"]
[Date "2011.10.15"]
[Round "8.21"]
[White "Asensio Ramos, Enrique Fernando"]
[Black "Luijpen, Michiel"]
[Result "0-1"]
[WhiteElo "1785"]
[BlackElo "2066"]
[PlyCount "122"]
[EventDate "2011.10.08"]
[EventType "swiss"]
[EventRounds "9"]
[EventCountry "ESP"]
[Source "lmi"]
[SourceDate "2011.10.08"]

1. d4 Nf6 2. Nf3 g6 3. Bf4 Bg7 4. e3 d5 5. Be2 c5 6. Nc3 O-O 7. Ne5 Nc6 8. h4
cxd4 9. exd4 Qb6 10. Nxc6 bxc6 11. Qd2 Ne4 12. Nxe4 dxe4 13. c3 c5 14. dxc5
Qxc5 15. h5 Be6 16. O-O-O Rfc8 17. hxg6 hxg6 18. Kb1 Qa5 19. c4 Qxd2 20. Rxd2
Bxc4 21. Rhd1 Bxe2 22. Rxe2 f5 23. Rd7 Bf6 24. g4 Rd8 25. Rb7 Kf7 26. g5 Bd4
27. f3 Rac8 28. fxe4 Be3 29. Bc7 f4 30. a4 Rd7 31. Bxf4 Rxb7 32. Rxe3 Rc4 33.
Bg3 Rxa4 34. Be1 Ke6 35. Bc3 Rb5 36. Kc2 Rxg5 37. Kb3 Ra6 38. Kc4 Rc6+ 39. Kd3
Rg2 40. Re1 Rg3+ 41. Kd4 Rd6+ 42. Kc5 Rg5+ 43. Kc4 Kd7 44. Ra1 a6 45. b4 Rg4
46. Re1 Rc6+ 47. Kd4 e5+ 48. Kxe5 Rxc3 49. Kf6 Rf3+ 50. Kg7 Rb3 51. Ra1 Rxb4
52. Rxa6 Rbxe4 53. Kh6 Re6 54. Ra7+ Kd6 55. Rf7 Ke5 56. Rf1 Rg2 57. Re1+ Kf5
58. Rf1+ Kg4 59. Ra1 g5+ 60. Kg7 Rf2 61. Ra3 Rf3 0-1

[Event "8. Open de Calvia de Aficionados 2011"]
[Site "Calvià ESP"]
[Date "2011.10.15"]
[Round "8.22"]
[White "Haukenes, Alise"]
[Black "Navarrete Solano, Jorge Jose"]
[Result "0-1"]
[WhiteElo "1620"]
[BlackElo "2055"]
[PlyCount "98"]
[EventDate "2011.10.08"]
[EventType "swiss"]
[EventRounds "9"]
[EventCountry "ESP"]
[Source "lmi"]
[SourceDate "2011.10.08"]

1. Nf3 d5 2. g3 Bg4 3. Bg2 Bxf3 4. Bxf3 e6 5. b3 Nf6 6. Bb2 Nbd7 7. O-O Bc5 8.
d3 O-O 9. Nd2 Qe7 10. c4 c6 11. a3 a5 12. d4 Bd6 13. c5 Bc7 14. e3 e5 15. Re1
e4 16. Bg2 Ne8 17. Qe2 f5 18. b4 g5 19. f4 gxf4 20. exf4 Qg7 21. Qh5 Rf6 22.
Nf1 Qf8 23. Reb1 Ng7 24. Qe2 Rg6 25. b5 Ne6 26. bxc6 bxc6 27. Qf2 Qg7 28. Ne3
Rf8 29. Rd1 h5 30. Bc1 h4 31. Nf1 Nf6 32. Qe2 hxg3 33. hxg3 Qh6 34. Ra2 Nh5 35.
Kf2 Nxg3 36. Nxg3 Qh4 37. Rh1 Qxg3+ 38. Kf1 Nxf4 39. Bxf4 Qxf4+ 40. Qf2 Qc1+
41. Qe1 Qc4+ 42. Re2 Bg3 43. Qd1 f4 44. Kg1 f3 45. Bxf3 exf3 46. Rc2 Be1+ 47.
Kh2 Rh6+ 48. Kg1 Qf1+ 49. Kxf1 Rxh1# 0-1

[Event "8. Open de Calvia de Aficionados 2011"]
[Site "Calvià ESP"]
[Date "2011.10.15"]
[Round "8.24"]
[White "Garcia Lopez, Luis Manuel"]
[Black "Gomez Olivares, Alejandro"]
[Result "1-0"]
[WhiteElo "2059"]
[BlackElo "1947"]
[PlyCount "69"]
[EventDate "2011.10.08"]
[EventType "swiss"]
[EventRounds "9"]
[EventCountry "ESP"]
[Source "lmi"]
[SourceDate "2011.10.08"]

1. e4 c5 2. Nf3 Nc6 3. d4 cxd4 4. Nxd4 g6 5. Be3 Nf6 6. Nc3 Bg7 7. Bc4 O-O 8.
Bb3 a5 9. a4 Nb4 10. Ndb5 d5 11. exd5 Bf5 12. h3 Rc8 13. O-O Ne4 14. Bd4 Bxd4
15. Nxd4 Nxc3 16. bxc3 Rxc3 17. Nxf5 gxf5 18. Re1 Qd6 19. Re2 Rfc8 20. Qe1 Kf8
21. Rd1 R8c7 22. Qd2 Kg7 23. Qd4+ Qf6 24. Qf4 Rd7 25. Rdd2 h6 26. Re5 Qg6 27.
Qd4 f6 28. Rxe7+ Rxe7 29. Qxc3 Qe8 30. Qg3+ Qg6 31. Qxg6+ Kxg6 32. c3 Na6 33.
d6 Rd7 34. Bc2 Nc5 35. g4 1-0

[Event "8. Open de Calvia de Aficionados 2011"]
[Site "Calvià ESP"]
[Date "2011.10.15"]
[Round "8.25"]
[White "Sokalskaja, Elena"]
[Black "Moreno Mateos, Jose Luis"]
[Result "1-0"]
[WhiteElo "2040"]
[BlackElo "1878"]
[PlyCount "100"]
[EventDate "2011.10.08"]
[EventType "swiss"]
[EventRounds "9"]
[EventCountry "ESP"]
[Source "lmi"]
[SourceDate "2011.10.08"]

1. d4 d5 2. Nf3 c6 3. g3 Nf6 4. Bg2 Bf5 5. O-O e6 6. c4 h6 7. Nc3 Be7 8. Qb3
Qb6 9. c5 Qxb3 10. axb3 O-O 11. b4 Nbd7 12. b5 a6 13. bxc6 bxc6 14. Bf4 g5 15.
Bc7 Ne4 16. Na4 Bd8 17. Bxd8 Rfxd8 18. Rfc1 Bg4 19. e3 Rdb8 20. Ne5 Nxe5 21.
dxe5 Nd2 22. Rc3 Nc4 23. Rxc4 dxc4 24. Bxc6 Ra7 25. Nb6 Rc7 26. Nd7 Rxc6 27.
Nxb8 Rc8 28. Nd7 Bf3 29. Rxa6 Rc7 30. c6 Bxc6 31. Nf6+ Kg7 32. e4 g4 33. h3
gxh3 34. Kh2 Rc8 35. Kxh3 Kg6 36. Kg4 Bb5 37. Ra5 h5+ 38. Nxh5 Rc5 39. Nf4+ Kh6
40. f3 Rxe5 41. Ne2 Rg5+ 42. Kf4 e5+ 43. Ke3 Bd7 44. Ra6+ Kg7 45. f4 Rh5 46. f5
Rh2 47. Ra5 Rh1 48. Rxe5 Rb1 49. Rd5 Ba4 50. Nc3 Ra1 1-0

[Event "8. Open de Calvia de Aficionados 2011"]
[Site "Calvià ESP"]
[Date "2011.10.15"]
[Round "8.26"]
[White "Navarrete Abraham, Jorge"]
[Black "Svensson, Mikael"]
[Result "0-1"]
[WhiteElo "1862"]
[BlackElo "2016"]
[PlyCount "76"]
[EventDate "2011.10.08"]
[EventType "swiss"]
[EventRounds "9"]
[EventCountry "ESP"]
[Source "lmi"]
[SourceDate "2011.10.08"]

1. e4 e6 2. d4 d5 3. Nc3 Be7 4. e5 b6 5. Qg4 Bf8 6. Bd3 Ba6 7. Be2 h6 8. Bf3
Ne7 9. Nge2 Qd7 10. Be3 Nbc6 11. a3 O-O-O 12. b4 Bc4 13. Nf4 Nf5 14. Rd1 Nxb4
15. axb4 Nxe3 16. fxe3 Bxb4 17. Kd2 Qc6 18. Rb1 Bxc3+ 19. Kxc3 Ba2+ 20. Kd2
Bxb1 21. Rxb1 g6 22. Be2 Qa4 23. Bd3 Kb7 24. Ne2 c5 25. Nc3 Qc6 26. Nb5 c4 27.
Be2 Rd7 28. Nd6+ Kb8 29. Qf3 Qa4 30. e4 dxe4 31. Qxe4 Qa5+ 32. Kd1 f5 33. Qc6
Rc7 34. Qb5 Qc3 35. Qb2 Qe3 36. Bf3 c3 37. Qxb6+ axb6 38. Rxb6+ Ka7 0-1

[Event "8. Open de Calvia de Aficionados 2011"]
[Site "Calvià ESP"]
[Date "2011.10.15"]
[Round "8.27"]
[White "Fullana Benito, David"]
[Black "Crespi Lopez, Juan Josep"]
[Result "1/2-1/2"]
[WhiteElo "1845"]
[BlackElo "1986"]
[PlyCount "36"]
[EventDate "2011.10.08"]
[EventType "swiss"]
[EventRounds "9"]
[EventCountry "ESP"]
[Source "lmi"]
[SourceDate "2011.10.08"]

1. d4 Nf6 2. c4 g6 3. Nc3 Bg7 4. e4 d6 5. Bd3 O-O 6. Nge2 e5 7. d5 Nbd7 8. O-O
Nc5 9. Bb1 a5 10. Be3 Ng4 11. Bxc5 dxc5 12. h3 Nh6 13. a4 Qg5 14. Ng3 f5 15.
exf5 gxf5 16. Qh5 Qxh5 17. Nxh5 f4 18. Nxg7 Kxg7 1/2-1/2

[Event "8. Open de Calvia de Aficionados 2011"]
[Site "Calvià ESP"]
[Date "2011.10.16"]
[Round "9.1"]
[White "Navarro Ortiz De Ortuno, Borja"]
[Black "Sanchez Jerez, Emilio Miguel"]
[Result "1/2-1/2"]
[WhiteElo "2275"]
[BlackElo "2275"]
[PlyCount "37"]
[EventDate "2011.10.08"]
[EventType "swiss"]
[EventRounds "9"]
[EventCountry "ESP"]
[Source "lmi"]
[SourceDate "2011.10.08"]

1. c4 e6 2. d4 f5 3. Nc3 d5 4. e3 Nf6 5. f4 c6 6. Nf3 Bd6 7. Bd3 O-O 8. O-O
Nbd7 9. Bd2 Ne4 10. Ne5 Ndf6 11. Nxe4 Nxe4 12. c5 Bxe5 13. fxe5 Bd7 14. Bxe4
fxe4 15. Qe2 Qe7 16. Ba5 Be8 17. Rxf8+ Kxf8 18. Rf1+ Kg8 19. Rf4 1/2-1/2

[Event "8. Open de Calvia de Aficionados 2011"]
[Site "Calvià ESP"]
[Date "2011.10.16"]
[Round "9.2"]
[White "Rodriguez Fontecha, Marcos"]
[Black "Chueca Forcen, Alberto"]
[Result "0-1"]
[WhiteElo "2244"]
[BlackElo "2296"]
[PlyCount "74"]
[EventDate "2011.10.08"]
[EventType "swiss"]
[EventRounds "9"]
[EventCountry "ESP"]
[Source "lmi"]
[SourceDate "2011.10.08"]

1. d4 Nf6 2. Nf3 e6 3. Bf4 c5 4. c3 b6 5. e3 Be7 6. h3 O-O 7. Nbd2 cxd4 8. exd4
d6 9. Bd3 Ba6 10. Qe2 Bxd3 11. Qxd3 Nbd7 12. O-O Re8 13. Rfe1 Nf8 14. a4 Ng6
15. Bh2 a6 16. Nc4 Nd5 17. Nfd2 Qc7 18. Qf3 Rab8 19. Ne3 Nxe3 20. fxe3 Qb7 21.
e4 b5 22. a5 b4 23. Rf1 Rf8 24. Nc4 bxc3 25. bxc3 Qc6 26. Qd3 Rbc8 27. Nb6 Qxc3
28. Qxa6 Qxd4+ 29. Kh1 Rc2 30. Qb7 Nh4 31. Bg3 Nxg2 32. Qxe7 Qxe4 33. Ra4 Qd3
34. Rf2 Rxf2 35. Bxf2 Qf1+ 36. Bg1 Ne3 37. Qb7 d5 0-1

[Event "8. Open de Calvia de Aficionados 2011"]
[Site "Calvià ESP"]
[Date "2011.10.16"]
[Round "9.3"]
[White "Matthiesen, Martin"]
[Black "Diaz Nunez, Adolfo"]
[Result "1/2-1/2"]
[WhiteElo "2277"]
[BlackElo "2229"]
[PlyCount "78"]
[EventDate "2011.10.08"]
[EventType "swiss"]
[EventRounds "9"]
[EventCountry "ESP"]
[Source "lmi"]
[SourceDate "2011.10.08"]

1. d4 d5 2. c4 c6 3. Nf3 Nf6 4. Nc3 a6 5. e3 b5 6. c5 g6 7. Ne5 Bg7 8. Qb3 a5
9. Nxb5 cxb5 10. Bxb5+ Kf8 11. O-O Ne8 12. Bd2 Bxe5 13. dxe5 Nc7 14. a4 Bd7 15.
e6 Bxe6 16. Bxa5 d4 17. Bxc7 Qxc7 18. Bc4 Qxc5 19. Bxe6 fxe6 20. Qxe6 Qd6 21.
Qe4 Ra5 22. Rfd1 Nc6 23. b4 Nxb4 24. Rxd4 Nd5 25. Rad1 Nf6 26. Qc2 Qe5 27. Rd8+
Kg7 28. Rxh8 Kxh8 29. h3 Kg7 30. Rd4 Rc5 31. Rc4 Qa1+ 32. Kh2 Qe5+ 33. Kg1 Rd5
34. Rb4 Qd6 35. Rb1 Rd2 36. Qc4 Rd5 37. Ra1 Qe5 38. Rc1 Qd6 39. Rb1 Qe5 1/2-1/2

[Event "8. Open de Calvia de Aficionados 2011"]
[Site "Calvià ESP"]
[Date "2011.10.16"]
[Round "9.4"]
[White "Perez Lopez, Jesus Maria"]
[Black "Asensio, Enrique"]
[Result "1/2-1/2"]
[WhiteElo "2280"]
[BlackElo "2178"]
[PlyCount "23"]
[EventDate "2011.10.08"]
[EventType "swiss"]
[EventRounds "9"]
[EventCountry "ESP"]
[Source "lmi"]
[SourceDate "2011.10.08"]

1. c4 Nf6 2. Nc3 d5 3. cxd5 Nxd5 4. Nf3 g6 5. Qa4+ Nc6 6. Ne5 Ndb4 7. a3 Bg7 8.
axb4 Bxe5 9. b5 Nb8 10. g3 c6 11. Bg2 a6 12. bxc6 1/2-1/2

[Event "8. Open de Calvia de Aficionados 2011"]
[Site "Calvià ESP"]
[Date "2011.10.16"]
[Round "9.5"]
[White "Fruebing, Thomas"]
[Black "Scharrer, Patrick"]
[Result "0-1"]
[WhiteElo "2166"]
[BlackElo "2269"]
[PlyCount "76"]
[EventDate "2011.10.08"]
[EventType "swiss"]
[EventRounds "9"]
[EventCountry "ESP"]
[Source "lmi"]
[SourceDate "2011.10.08"]

1. e4 g6 2. d4 Bg7 3. Bc4 e6 4. Nc3 Ne7 5. d5 O-O 6. Bg5 h6 7. Bh4 exd5 8. exd5
d6 9. Qd2 Nd7 10. O-O-O a6 11. Bb3 b5 12. f4 Nf6 13. Bxf6 Bxf6 14. h3 Nf5 15.
g4 Nd4 16. Nge2 Nxe2+ 17. Nxe2 a5 18. c3 Bd7 19. Bc2 b4 20. c4 Qb8 21. Bb1 Qb6
22. g5 hxg5 23. f5 Qc5 24. fxg6 Qxc4+ 25. Qc2 Qxc2+ 26. Bxc2 fxg6 27. Bxg6 Kg7
28. Bh5 Be5 29. Rdf1 Rxf1+ 30. Rxf1 Bxh3 31. Rf7+ Kh6 32. Bf3 Kg6 33. Rxc7 Rc8
34. Be4+ Kh5 35. Rxc8 Bxc8 36. Kc2 a4 37. b3 a3 38. Nc1 g4 0-1

[Event "8. Open de Calvia de Aficionados 2011"]
[Site "Calvià ESP"]
[Date "2011.10.16"]
[Round "9.6"]
[White "Galiana, Salom Juan Ramon"]
[Black "Myhrvold, Rune"]
[Result "1-0"]
[WhiteElo "2236"]
[BlackElo "2183"]
[PlyCount "109"]
[EventDate "2011.10.08"]
[EventType "swiss"]
[EventRounds "9"]
[EventCountry "ESP"]
[Source "lmi"]
[SourceDate "2011.10.08"]

1. e4 c6 2. d4 d5 3. Nc3 dxe4 4. Nxe4 Nf6 5. Nxf6+ exf6 6. c3 Bd6 7. Bd3 Qc7 8.
Qc2 Be6 9. Ne2 Nd7 10. Bd2 c5 11. h3 g6 12. O-O O-O 13. c4 cxd4 14. Nxd4 Nc5
15. Nb5 Qd7 16. Nxd6 Qxd6 17. Be2 Bf5 18. Qc1 Rac8 19. Be3 Rfe8 20. Rd1 Qe7 21.
Bf3 Nd3 22. Qc3 Ne5 23. Bd5 Nxc4 24. Bxc4 b5 25. Bxf7+ Qxf7 26. Qa5 Rc2 27.
Qxb5 a6 28. Qb4 Qc7 29. Qd6 Qxd6 30. Rxd6 Rxb2 31. Rxa6 Re6 32. Ra7 Be4 33. Bh6
Bb7 34. Rd1 Re7 35. Rd8+ Kf7 36. Be3 Ke6 37. a4 Rb1+ 38. Kh2 g5 39. a5 Ra1 40.
Rb8 Bd5 41. Ra6+ Ke5 42. Bd2 Ra3 43. Bc1 Rb3 44. Bb2+ Ke4 45. Rxb3 Bxb3 46.
Bxf6 Rf7 47. Rb6 Bc4 48. f3+ Ke3 49. Bxg5+ Kf2 50. Rb2+ Be2 51. Bd8 Ke3 52.
Bb6+ Kd3 53. a6 Rf8 54. a7 Bd1 55. Bc5 1-0

[Event "8. Open de Calvia de Aficionados 2011"]
[Site "Calvià ESP"]
[Date "2011.10.16"]
[Round "9.8"]
[White "Tscharotschkin, Michael"]
[Black "Kyrkjebo, Erlend"]
[Result "0-1"]
[WhiteElo "2223"]
[BlackElo "2026"]
[PlyCount "70"]
[EventDate "2011.10.08"]
[EventType "swiss"]
[EventRounds "9"]
[EventCountry "ESP"]
[Source "lmi"]
[SourceDate "2011.10.08"]

1. d4 Nf6 2. Nf3 c5 3. e3 e6 4. Bd3 b6 5. Nbd2 Nc6 6. b3 Qc7 7. a3 cxd4 8. exd4
Nxd4 9. Bb2 Nxf3+ 10. Nxf3 Bb7 11. O-O Ng4 12. Bb5 Bxf3 13. Qxd7+ Qxd7 14.
Bxd7+ Kxd7 15. gxf3 Nh6 16. Rfd1+ Bd6 17. Be5 Nf5 18. Rxd6+ Nxd6 19. Rd1 Rhd8
20. Rxd6+ Ke7 21. Rc6 Rac8 22. Rxc8 Rxc8 23. c4 f6 24. Bd4 Rd8 25. Be3 Rd3 26.
c5 Rxb3 27. cxb6 Rb1+ 28. Kg2 axb6 29. f4 Kd6 30. Bd2 Kc6 31. h4 Rb3 32. Bc1
Rc3 33. Bb2 Rc2 34. Bd4 Rc4 35. Be3 Rc3 0-1

[Event "8. Open de Calvia de Aficionados 2011"]
[Site "Calvià ESP"]
[Date "2011.10.16"]
[Round "9.9"]
[White "Garcia Del Rey, Senen"]
[Black "Martinez Vicario, Jose Maria"]
[Result "1-0"]
[WhiteElo "2295"]
[BlackElo "2109"]
[PlyCount "51"]
[EventDate "2011.10.08"]
[EventType "swiss"]
[EventRounds "9"]
[EventCountry "ESP"]
[Source "lmi"]
[SourceDate "2011.10.08"]

1. c4 f5 2. g3 Nf6 3. Bg2 g6 4. Nc3 Bg7 5. d3 Nc6 6. e4 d6 7. Nge2 O-O 8. O-O
Rb8 9. h3 e5 10. exf5 Bxf5 11. Be3 Qd7 12. g4 Be6 13. Nd5 Rbe8 14. Rc1 a6 15.
Ng3 Nd4 16. f4 c6 17. Nxf6+ Bxf6 18. f5 gxf5 19. Bxd4 fxg4 20. Be3 gxh3 21. Be4
Qg7 22. Kh2 Bg4 23. Nf5 Bxf5 24. Rxf5 Kh8 25. Qh5 Qe7 26. Rcf1 1-0

[Event "8. Open de Calvia de Aficionados 2011"]
[Site "Calvià ESP"]
[Date "2011.10.16"]
[Round "9.10"]
[White "Donovan, Linton"]
[Black "Svitek, Volker"]
[Result "1-0"]
[WhiteElo "2262"]
[BlackElo "2099"]
[PlyCount "57"]
[EventDate "2011.10.08"]
[EventType "swiss"]
[EventRounds "9"]
[EventCountry "ESP"]
[Source "lmi"]
[SourceDate "2011.10.08"]

1. e4 c5 2. Nc3 Nc6 3. f4 g6 4. Nf3 Bg7 5. Bb5 d6 6. Bxc6+ bxc6 7. d3 Nf6 8.
O-O Nd7 9. Qe1 f6 10. Bd2 O-O 11. b3 e5 12. Rd1 h6 13. Qg3 Qe8 14. Nh4 Kh7 15.
f5 g5 16. Nf3 Kg8 17. h4 Kf7 18. Kf2 Ke7 19. Rh1 Rh8 20. Rh3 Nb6 21. Rdh1 Bd7
22. hxg5 hxg5 23. Nxg5 fxg5 24. Bxg5+ Kf7 25. Rxh8 Bxh8 26. Rh7+ Kg8 27. Rxh8+
Kxh8 28. Bf6+ Kh7 29. Qg7# 1-0

[Event "8. Open de Calvia de Aficionados 2011"]
[Site "Calvià ESP"]
[Date "2011.10.16"]
[Round "9.11"]
[White "Van Den Bersselaar, Jeroen"]
[Black "Hallerod, Ralph"]
[Result "1-0"]
[WhiteElo "2211"]
[BlackElo "2122"]
[PlyCount "67"]
[EventDate "2011.10.08"]
[EventType "swiss"]
[EventRounds "9"]
[EventCountry "ESP"]
[Source "lmi"]
[SourceDate "2011.10.08"]

1. d4 Nf6 2. c4 e6 3. Nf3 b6 4. a3 Bb7 5. Nc3 Be7 6. d5 O-O 7. e4 d6 8. Bd3
Nbd7 9. O-O Re8 10. h3 Nf8 11. Nd4 N6d7 12. Be3 Bf6 13. Qd2 Bxd4 14. Bxd4 e5
15. Be3 Ng6 16. g3 Bc8 17. Kh2 Nc5 18. Bc2 Qd7 19. g4 Qe7 20. b4 Nd7 21. Ne2
Ndf8 22. Ng3 Bxg4 23. hxg4 Qh4+ 24. Kg2 Qxg4 25. Bd1 Nf4+ 26. Bxf4 Qxf4 27. Qe2
Ng6 28. Rh1 Nh4+ 29. Kf1 h6 30. Nh5 Qg5 31. Rg1 Qe7 32. Nxg7 Ng6 33. Nf5 Qf8
34. Qh5 1-0

[Event "8. Open de Calvia de Aficionados 2011"]
[Site "Calvià ESP"]
[Date "2011.10.16"]
[Round "9.13"]
[White "Walton, Alan J"]
[Black "Saez Gabikagogeaskoa, Oscar"]
[Result "1/2-1/2"]
[WhiteElo "2164"]
[BlackElo "1995"]
[PlyCount "141"]
[EventDate "2011.10.08"]
[EventType "swiss"]
[EventRounds "9"]
[EventCountry "ESP"]
[Source "lmi"]
[SourceDate "2011.10.08"]

1. d4 Nf6 2. Bg5 Ne4 3. Bf4 c5 4. f3 Qa5+ 5. c3 Nf6 6. d5 Qb6 7. b3 g6 8. e4 d6
9. Qd2 Bg7 10. Be2 O-O 11. Bh6 Qa5 12. h4 e6 13. h5 exd5 14. exd5 Bf5 15. Bxg7
Kxg7 16. g4 Bxb1 17. Rxb1 Nbd7 18. Nh3 Rae8 19. h6+ Kg8 20. Nf4 Re5 21. Kf2
Rfe8 22. Rhe1 b5 23. Qb2 c4 24. Qd2 Nb6 25. Bf1 Kf8 26. Rxe5 dxe5 27. Ne2 Nbxd5
28. g5 Rd8 29. gxf6 Qb6+ 30. Kg3 Nf4 31. Qb2 Nd3 32. Qa3+ b4 33. cxb4 Qxf6 34.
b5+ Kg8 35. Qa5 Qg5+ 36. Kh2 Qxh6+ 37. Bh3 Qh4 38. Rd1 Qf2+ 39. Bg2 Rd6 40. Rf1
Qxe2 41. Qxa7 Nf4 42. Rf2 Qd3 43. bxc4 g5 44. Qa8+ Kg7 45. Qe4 Rh6+ 46. Kg1 Qd6
47. Qc2 Qc5 48. Kf1 Rd6 49. Rd2 Rxd2 50. Qxd2 Qxc4+ 51. Kg1 Qxb5 52. Bf1 Qc5+
53. Kh2 h5 54. a4 Qa3 55. Qd8 Qb2+ 56. Kg3 Ng6 57. Qd6 h4+ 58. Kh3 Qc3 59. Kg4
Qe3 60. Bh3 Qf4+ 61. Kh5 Qxf3+ 62. Bg4 Nf4+ 63. Kxg5 Ne6+ 64. Bxe6 Qf6+ 65. Kg4
fxe6 66. Qd7+ Kf8 67. a5 Qf4+ 68. Kh5 h3 69. Qc6 e4 70. Qc5+ Kg7 71. Qg1+
1/2-1/2

[Event "8. Open de Calvia de Aficionados 2011"]
[Site "Calvià ESP"]
[Date "2011.10.16"]
[Round "9.14"]
[White "Navarrete Solano, Jorge Jose"]
[Black "Gaya Llodra, Juan"]
[Result "0-1"]
[WhiteElo "2055"]
[BlackElo "2160"]
[PlyCount "78"]
[EventDate "2011.10.08"]
[EventType "swiss"]
[EventRounds "9"]
[EventCountry "ESP"]
[Source "lmi"]
[SourceDate "2011.10.08"]

1. Nf3 Nf6 2. b3 g6 3. Bb2 Bg7 4. e3 O-O 5. d4 c5 6. dxc5 Qa5+ 7. Nbd2 Qxc5 8.
Ne5 Nc6 9. Nd3 Qb6 10. Be2 d5 11. O-O Rd8 12. h3 Ne4 13. Bxg7 Kxg7 14. Qc1 Nxd2
15. Qxd2 e5 16. c3 Bf5 17. Rfd1 Rac8 18. Ne1 a5 19. Bd3 Be6 20. Qb2 f6 21. Rd2
Rd7 22. Rad1 Rdc7 23. Bf1 Qc5 24. Nd3 Qe7 25. Nc1 Qc5 26. Ne2 Ne7 27. g3 h5 28.
Bg2 g5 29. b4 axb4 30. cxb4 Qb5 31. f4 Qb6 32. Qa3 Nf5 33. fxe5 fxe5 34. Rd3
Rc2 35. Nc3 Nxe3 36. Na4 Rxg2+ 37. Kh1 Rcc2 38. Rxe3 Rh2+ 39. Kg1 Rcg2+ 0-1

[Event "8. Open de Calvia de Aficionados 2011"]
[Site "Calvià ESP"]
[Date "2011.10.16"]
[Round "9.15"]
[White "Sanchez Garcia, Julio"]
[Black "Lacrosse, Marc"]
[Result "0-1"]
[WhiteElo "2007"]
[BlackElo "2144"]
[PlyCount "70"]
[EventDate "2011.10.08"]
[EventType "swiss"]
[EventRounds "9"]
[EventCountry "ESP"]
[Source "lmi"]
[SourceDate "2011.10.08"]

1. e4 e5 2. Nf3 Nc6 3. d4 exd4 4. Nxd4 Bc5 5. Be3 Qf6 6. Nb5 Bxe3 7. fxe3 Qh4+
8. g3 Qxe4 9. Nxc7+ Kd8 10. Nxa8 Nf6 11. Nc3 Qxh1 12. Qd6 Ne8 13. Qf4 Qxh2 14.
O-O-O Qh6 15. Qxf7 Qxe3+ 16. Kb1 Qe7 17. Qc4 Rf8 18. Bg2 Qb4 19. Qd3 Ne5 20.
Qxh7 Nc4 21. Qh4+ Rf6 22. b3 Qxc3 23. bxc4 Qe5 24. g4 g5 25. Qh5 Qe2 26. Qh1
Rf2 27. Be4 Rh2 28. Qg1 Qf2 29. Qf1 Qxf1 30. Rxf1 Re2 31. Bd3 Re5 32. Rf8 d6
33. Bg6 Bd7 34. Bxe8 Rxe8 35. Rf6 Ke7 0-1

[Event "8. Open de Calvia de Aficionados 2011"]
[Site "Calvià ESP"]
[Date "2011.10.16"]
[Round "9.16"]
[White "Fernandez-Baldor Anibarro, Pablo"]
[Black "Garcia Lopez, Luis Manuel"]
[Result "1/2-1/2"]
[WhiteElo "2175"]
[BlackElo "2059"]
[PlyCount "142"]
[EventDate "2011.10.08"]
[EventType "swiss"]
[EventRounds "9"]
[EventCountry "ESP"]
[Source "lmi"]
[SourceDate "2011.10.08"]

1. e4 c5 2. Nf3 d6 3. Bb5+ Bd7 4. Bxd7+ Qxd7 5. O-O Nc6 6. c3 Nf6 7. Re1 e6 8.
d4 cxd4 9. cxd4 d5 10. e5 Ne4 11. Nbd2 Nxd2 12. Bxd2 Be7 13. Qb3 O-O 14. Rac1
Rac8 15. h4 f6 16. a3 fxe5 17. dxe5 Rf5 18. Qd3 a6 19. b4 Rcf8 20. Rxc6 bxc6
21. Qxa6 c5 22. bxc5 Bxc5 23. Bb4 Bxb4 24. axb4 d4 25. Rd1 Rxf3 26. gxf3 Rxf3
27. Qd6 Qxd6 28. exd6 Kf7 29. Rxd4 Ke8 30. Kg2 Rb3 31. Rc4 Kd8 32. Rf4 g6 33.
f3 e5 34. Rf7 Rxb4 35. Rxh7 Rd4 36. Re7 Rxh4 37. Rxe5 Rd4 38. Re6 g5 39. Kg3
Kd7 40. Rg6 Kc6 41. Rxg5 Kxd6 42. f4 Ke6 43. Kg4 Kf6 44. Ra5 Rd6 45. Ra4 Kg6
46. Ra5 Rb6 47. Rg5+ Kh6 48. Rh5+ Kg6 49. f5+ Kg7 50. Rh3 Ra6 51. Kg5 Rb6 52.
Rc3 Rf6 53. Rc7+ Rf7 54. f6+ Kg8 55. Rc8+ Kh7 56. Re8 Rf8 57. Re4 Rb8 58. Re7+
Kg8 59. Kg6 Ra8 60. Rg7+ Kh8 61. Rb7 Kg8 62. Rb5 Rc8 63. Rh5 Rc6 64. Rf5 Ra6
65. Re5 Kf8 66. Rb5 Ra8 67. Rb7 Kg8 68. Rh7 Ra6 69. Rg7+ Kf8 70. Rc7 Ra8 71.
Kh7 Ra1 1/2-1/2